[Event "España ch Universitario 2007"]
[Site "Cartagena ESP"]
[Date "2007.05.09"]
[Round "8.34"]
[White "Sanchez Lopez, Diego"]
[Black "Cruz Alvarez de Ron, Dan"]
[Result "0-1"]
[WhiteElo "1961"]
[BlackElo "2194"]
[PlyCount "36"]
[EventDate "2007.05.06"]
[EventType "swiss"]
[EventRounds "9"]
[EventCountry "ESP"]
[Source "lmi"]
[SourceDate "2007.05.06"]

1. d4 e6 2. Nf3 c5 3. c3 Nf6 4. h3 d5 5. Bg5 Qb6 6. Qb3 Ne4 7. Bf4 Nc6 8. e3 c4
9. Qc2 Be7 10. Bxc4 dxc4 11. Qxe4 Qxb2 12. O-O f5 13. Qxc6+ bxc6 14. Nbd2 Ba6
15. Rfc1 Ba3 16. Rcb1 Qxc3 17. Be5 Bb2 18. Rxb2 Qxb2 0-1

[Event "España ch Universitario 2007"]
[Site "Cartagena ESP"]
[Date "2007.05.09"]
[Round "8.42"]
[White "Mansilla Tolosa, Luis"]
[Black "Lorente Peñalva, Diego"]
[Result "1/2-1/2"]
[WhiteElo "2037"]
[BlackElo "2149"]
[PlyCount "31"]
[EventDate "2007.05.06"]
[EventType "swiss"]
[EventRounds "9"]
[EventCountry "ESP"]
[Source "lmi"]
[SourceDate "2007.05.06"]

1. d4 Nf6 2. c4 e6 3. g3 Be7 4. Bg2 O-O 5. Nc3 d5 6. Nf3 Nbd7 7. cxd5 exd5 8.
O-O b6 9. Ne5 Bb7 10. Qb3 Re8 11. Nxd5 Bxd5 12. Bxd5 Nxd5 13. Qxd5 Nxe5 14.
Qxd8 Raxd8 15. dxe5 Bc5 16. Bf4 1/2-1/2

[Event "España ch Universitario 2007"]
[Site "Cartagena ESP"]
[Date "2007.05.09"]
[Round "8.47"]
[White "Molina Ballester, Sergio"]
[Black "Pascual Palomo, Lucia"]
[Result "0-1"]
[WhiteElo "2007"]
[BlackElo "2112"]
[PlyCount "60"]
[EventDate "2007.05.06"]
[EventType "swiss"]
[EventRounds "9"]
[EventCountry "ESP"]
[Source "lmi"]
[SourceDate "2007.05.06"]

1. e4 e6 2. d4 d5 3. Nc3 Bb4 4. exd5 exd5 5. Nf3 Ne7 6. Bd3 Nbc6 7. a3 Bd6 8.
O-O Bg4 9. Nb5 f6 10. h3 Bf5 11. Nh4 Bxd3 12. Qxd3 Qd7 13. Nxd6+ cxd6 14. Re1
O-O-O 15. c4 dxc4 16. Qxc4 g5 17. Nf3 d5 18. Qa4 Rdg8 19. Nh2 h5 20. b4 Kb8 21.
b5 Nd8 22. Qb4 Nf5 23. Be3 Ne6 24. Rac1 g4 25. hxg4 hxg4 26. Nf1 Qh7 27. Ng3
Qh2+ 28. Kf1 Nxg3+ 29. fxg3 Qxg3 30. Bg1 Rg5 0-1

[Event "España ch Universitario 2007"]
[Site "Cartagena ESP"]
[Date "2007.05.09"]
[Round "8.48"]
[White "Amigo Villalta, Jordi"]
[Black "Lopez Rodriguez, Walter"]
[Result "1-0"]
[WhiteElo "2192"]
[BlackElo "2111"]
[PlyCount "39"]
[EventDate "2007.05.06"]
[EventType "swiss"]
[EventRounds "9"]
[EventCountry "ESP"]
[Source "lmi"]
[SourceDate "2007.05.06"]

1. d4 Nf6 2. c4 c5 3. d5 b5 4. cxb5 a6 5. b6 e6 6. Nc3 exd5 7. Nxd5 Nxd5 8.
Qxd5 Nc6 9. Nf3 Rb8 10. Ne5 Qf6 11. Nxc6 dxc6 12. Qe4+ Be7 13. g3 O-O 14. Bg2
Rxb6 15. O-O Bf5 16. Qf3 Qg6 17. e4 Be6 18. Qe2 Rfb8 19. Bf4 Rxb2 20. Qxa6 1-0

[Event "España ch Universitario 2007"]
[Site "Cartagena ESP"]
[Date "2007.05.09"]
[Round "8.58"]
[White "Mestres Cochs, Joan"]
[Black "Martinez Sanchez, Carmen"]
[Result "1-0"]
[WhiteElo "2082"]
[BlackElo "1907"]
[PlyCount "51"]
[EventDate "2007.05.06"]
[EventType "swiss"]
[EventRounds "9"]
[EventCountry "ESP"]
[Source "lmi"]
[SourceDate "2007.05.06"]

1. e4 c5 2. Nf3 Nc6 3. d4 cxd4 4. Nxd4 Nf6 5. Nc3 d6 6. Bc4 g6 7. f3 Bg7 8. Be3
O-O 9. Qd2 a6 10. O-O-O Ne5 11. Bb3 b5 12. Bh6 Bd7 13. h4 Qb6 14. h5 b4 15. Nd5
Nxd5 16. hxg6 Nxg6 17. Bxd5 Rac8 18. Bxg7 Kxg7 19. Qh6+ Kf6 20. f4 e6 21. Qg5+
Kg7 22. e5 dxe5 23. fxe5 Rh8 24. Qf6+ Kg8 25. Rdf1 Rf8 26. Nf5 1-0

[Event "España ch Universitario 2007"]
[Site "Cartagena ESP"]
[Date "2007.05.09"]
[Round "8.66"]
[White "Salas Romero, Santiago"]
[Black "Ortiz Fernandez, David"]
[Result "1-0"]
[WhiteElo "2136"]
[BlackElo "1875"]
[PlyCount "51"]
[EventDate "2007.05.06"]
[EventType "swiss"]
[EventRounds "9"]
[EventCountry "ESP"]
[Source "lmi"]
[SourceDate "2007.05.06"]

1. Nf3 d5 2. d4 c5 3. c4 dxc4 4. e3 Nc6 5. Bxc4 Nf6 6. O-O Bg4 7. Qb3 e6 8.
Qxb7 Bxf3 9. gxf3 Rc8 10. Bb5 Qd7 11. Qxd7+ Nxd7 12. Rd1 cxd4 13. exd4 Nb6 14.
Be3 Nd5 15. Rc1 Kd7 16. Nc3 Bd6 17. Nxd5 exd5 18. Rc2 Rc7 19. Rac1 Rhc8 20. Bd2
a6 21. Ba4 a5 22. Bxa5 Ra7 23. Rxc6 Rxa5 24. Rc7+ Ke6 25. Bd7+ Kf6 26. Rxc8 1-0

[Event "España ch Universitario 2007"]
[Site "Cartagena ESP"]
[Date "2007.05.09"]
[Round "8.71"]
[White "Torroglosa Miñarro, Juan Jose"]
[Black "Urrutia Gonzalez, Javier"]
[Result "0-1"]
[WhiteElo "1941"]
[BlackElo "1809"]
[PlyCount "34"]
[EventDate "2007.05.06"]
[EventType "swiss"]
[EventRounds "9"]
[EventCountry "ESP"]
[Source "lmi"]
[SourceDate "2007.05.06"]

1. e4 c5 2. Nf3 d6 3. d4 cxd4 4. Nxd4 Nf6 5. Nc3 g6 6. Be3 Bg7 7. f3 Nc6 8. Qd2
O-O 9. O-O-O d5 10. Nxc6 bxc6 11. exd5 cxd5 12. Nxd5 Nxd5 13. Qxd5 Qc7 14. Kb1
Bf5 15. Bd3 Rab8 16. Bc1 Qc3 17. Bb5 Qxb2+ 0-1

[Event "España ch Universitario 2007"]
[Site "Cartagena ESP"]
[Date "2007.05.09"]
[Round "8.75"]
[White "De Vega Fernandez, Francisco Javier"]
[Black "Pousada Garcia, Victor Manuel"]
[Result "1-0"]
[WhiteElo "1820"]
[BlackElo "1913"]
[PlyCount "49"]
[EventDate "2007.05.06"]
[EventType "swiss"]
[EventRounds "9"]
[EventCountry "ESP"]
[Source "lmi"]
[SourceDate "2007.05.06"]

1. e4 c5 2. Nf3 d6 3. d4 cxd4 4. Nxd4 Nf6 5. Nc3 a6 6. Bg5 e6 7. Bc4 Be7 8. Qd2
b5 9. Bb3 b4 10. Nce2 Nxe4 11. Bxe7 Nxd2 12. Bxd8 Nxb3 13. Nxb3 Kxd8 14. O-O-O
Ke7 15. Na5 e5 16. Rhe1 Be6 17. f4 f6 18. h3 Ra7 19. f5 Bxf5 20. Nd4 Bd7 21. g4
Rc8 22. Rd2 Nc6 23. Naxc6+ Bxc6 24. Nf5+ Kf7 25. Nxd6+ 1-0

[Event "España ch Universitario 2007"]
[Site "Cartagena ESP"]
[Date "2007.05.09"]
[Round "8.80"]
[White "Catalina Ledesma, Eduardo"]
[Black "Muñoz Paredes, Ernesto"]
[Result "1/2-1/2"]
[WhiteElo "1973"]
[BlackElo "2102"]
[PlyCount "39"]
[EventDate "2007.05.06"]
[EventType "swiss"]
[EventRounds "9"]
[EventCountry "ESP"]
[Source "lmi"]
[SourceDate "2007.05.06"]

1. e4 c5 2. Nf3 Nc6 3. d4 cxd4 4. Nxd4 e5 5. Nxc6 bxc6 6. Bc4 Nf6 7. Nc3 Bb7 8.
Bg5 h6 9. Bh4 Be7 10. Bxf6 Bxf6 11. Qd6 Qb6 12. O-O-O O-O-O 13. Bxf7 Rhf8 14.
Bh5 Bg5+ 15. Kb1 Rxf2 16. Bg4 Qc7 17. Qc5 Qb6 18. Qd6 Qc7 19. Qc5 Qb6 20. Qd6
1/2-1/2

[Event "España ch Universitario 2007"]
[Site "Cartagena ESP"]
[Date "2007.05.09"]
[Round "8.82"]
[White "Ramos Garcia, Daniel"]
[Black "Marco Francisco, Miriam"]
[Result "0-1"]
[WhiteElo "1924"]
[BlackElo "1928"]
[PlyCount "72"]
[EventDate "2007.05.06"]
[EventType "swiss"]
[EventRounds "9"]
[EventCountry "ESP"]
[Source "lmi"]
[SourceDate "2007.05.06"]

1. e4 e5 2. Nf3 Nf6 3. Nc3 Bb4 4. a3 Bxc3 5. dxc3 d6 6. Bd3 O-O 7. O-O Bg4 8.
Bg5 Nbd7 9. h3 Bh5 10. Be2 h6 11. Bxf6 Nxf6 12. Nd2 Bxe2 13. Qxe2 Qe7 14. Rae1
Rad8 15. c4 c6 16. Rd1 d5 17. Rfe1 d4 18. b3 Qxa3 19. Ra1 Qc5 20. Nf3 Rd7 21.
Nh4 Rfd8 22. Rad1 g6 23. Qf3 Kg7 24. Qg3 Nh5 25. Qf3 Nf4 26. Kh2 d3 27. Rd2
dxc2 28. Rxc2 Rd3 29. Re3 Rxe3 30. fxe3 Rd3 31. g3 Rxe3 32. Qf2 Nd3 33. Nf5+
gxf5 34. Qxf5 Qe7 35. h4 Qf6 36. Qh5 Qg6 0-1

[Event "España ch Universitario 2007"]
[Site "Cartagena ESP"]
[Date "2007.05.10"]
[Round "9.1"]
[White "Gonzalez Somoza, Oliver"]
[Black "Trent, Lawrence"]
[Result "1/2-1/2"]
[WhiteElo "2309"]
[BlackElo "2453"]
[PlyCount "89"]
[EventDate "2007.05.06"]
[EventType "swiss"]
[EventRounds "9"]
[EventCountry "ESP"]
[Source "lmi"]
[SourceDate "2007.05.06"]

1. d4 Nf6 2. c4 g6 3. Nc3 Bg7 4. e4 d6 5. Nf3 O-O 6. Be3 Na6 7. Be2 e5 8. dxe5
dxe5 9. Qxd8 Rxd8 10. O-O Ng4 11. Bg5 f6 12. Bh4 c6 13. Rfd1 Be6 14. Ne1 h5 15.
Bxg4 hxg4 16. b3 g5 17. Bg3 Bf8 18. Nc2 Nb4 19. Nxb4 Bxb4 20. Rxd8+ Rxd8 21.
Rd1 Rd4 22. Rxd4 exd4 23. Nd1 f5 24. Be5 c5 25. f3 gxf3 26. gxf3 fxe4 27. fxe4
Bg4 28. Nb2 Ba3 29. Nd3 Be2 30. Ne1 Bd1 31. Bb8 a6 32. Kf1 Bh5 33. Nd3 Bg6 34.
Ba7 Bxe4 35. Nxc5 Bb1 36. Ke2 Bxa2 37. Nxb7 Bb2 38. Nc5 a5 39. Bb6 Bc3 40. Ne4
Bb2 41. Nd2 Bc3 42. Kd3 Bxd2 43. Kxd2 Bxb3 44. Kd3 a4 45. Bc5 1/2-1/2

[Event "España ch Universitario 2007"]
[Site "Cartagena ESP"]
[Date "2007.05.10"]
[Round "9.2"]
[White "Llaneza Vega, Marcos"]
[Black "Reinaldo Castineira, Roi"]
[Result "1/2-1/2"]
[WhiteElo "2455"]
[BlackElo "2452"]
[PlyCount "118"]
[EventDate "2007.05.06"]
[EventType "swiss"]
[EventRounds "9"]
[EventCountry "ESP"]
[Source "lmi"]
[SourceDate "2007.05.06"]

1. e4 c5 2. Nf3 d6 3. d4 cxd4 4. Nxd4 Nf6 5. Nc3 a6 6. Be3 e5 7. Nb3 Be6 8. Qd2
Be7 9. f4 exf4 10. Bxf4 Nc6 11. O-O-O O-O 12. Kb1 b5 13. Bd3 b4 14. Nd5 a5 15.
Bb5 Bxd5 16. exd5 Na7 17. Ba4 Nd7 18. Nd4 Nb6 19. Bc6 Rc8 20. Nf5 Nxc6 21. dxc6
Bf6 22. Qxd6 Qe8 23. Rhe1 Qxc6 24. Qxc6 Rxc6 25. Rd6 Rxd6 26. Bxd6 Ra8 27. b3
Nd5 28. Ne7+ Bxe7 29. Bxe7 a4 30. bxa4 Rxa4 31. Kb2 f6 32. Bc5 Ra5 33. Bd4 Kf7
34. g3 h5 35. Kb3 g5 36. Kc4 Ne7 37. Rf1 f5 38. Bc5 Rxa2 39. Bxe7 Kxe7 40. Kb3
Ra5 41. Kxb4 Re5 42. c4 Kd6 43. Rf2 Kc6 44. Ra2 f4 45. gxf4 gxf4 46. Ra6+ Kb7
47. Rf6 Re2 48. h4 Rf2 49. Rf5 f3 50. Rxh5 Rf1 51. Rf5 Rh1 52. Rxf3 Rxh4 53.
Kb5 Rh6 54. Rf7+ Kc8 55. c5 Rg6 56. Rh7 Rf6 57. Rh5 Kc7 58. c6 Rf1 59. Rh7+ Kc8
1/2-1/2

[Event "España ch Universitario 2007"]
[Site "Cartagena ESP"]
[Date "2007.05.10"]
[Round "9.3"]
[White "Alsina Leal, Daniel"]
[Black "Martinez Martin, David"]
[Result "0-1"]
[WhiteElo "2428"]
[BlackElo "2403"]
[PlyCount "120"]
[EventDate "2007.05.06"]
[EventType "swiss"]
[EventRounds "9"]
[EventCountry "ESP"]
[Source "lmi"]
[SourceDate "2007.05.06"]

1. e4 e6 2. d4 d5 3. Nc3 Nf6 4. e5 Nfd7 5. f4 c5 6. Nf3 Nc6 7. Be3 cxd4 8. Nxd4
Qb6 9. Qd2 Qxb2 10. Rb1 Qa3 11. Bb5 Nxd4 12. Bxd4 a6 13. Bxd7+ Bxd7 14. Rxb7
Qa5 15. O-O Rc8 16. Qe3 Bc5 17. Ne2 Bxd4 18. Nxd4 Qc3 19. Qxc3 Rxc3 20. Rfb1
Rc4 21. Kf2 Ke7 22. Ke3 Rhc8 23. Ra7 Rc3+ 24. Kd2 R3c4 25. Ke3 Rc3+ 26. Kd2
R3c4 27. c3 R8c7 28. Rxc7 Rxc7 29. Rb6 a5 30. g4 g6 31. h4 Rc4 32. Rb7 Kd8 33.
Kc2 Rc7 34. Rxc7 Kxc7 35. g5 Kb6 36. Kb3 Kc5 37. Nf3 Bb5 38. a3 Be2 39. Nd4
Bd1+ 40. Kb2 Ba4 41. Kc1 Kc4 42. Kd2 Be8 43. Kc2 Bd7 44. Kd2 Ba4 45. h5 gxh5
46. f5 exf5 47. Nxf5 Kb3 48. Ne7 h4 49. Ke3 Kxa3 50. Nxd5 Kb2 51. c4 Bc6 52.
Kf4 a4 53. Nb4 a3 54. c5 a2 55. Nxa2 Kxa2 56. Kg4 Kb3 57. Kxh4 Kc4 58. Kg4 Bd7+
59. Kh5 Kxc5 60. Kh6 Bf5 0-1

[Event "España ch Universitario 2007"]
[Site "Cartagena ESP"]
[Date "2007.05.10"]
[Round "9.4"]
[White "Perez Candelario, Manuel"]
[Black "Tamayo Romay, Francisco Javier"]
[Result "1-0"]
[WhiteElo "2511"]
[BlackElo "2210"]
[PlyCount "67"]
[EventDate "2007.05.06"]
[EventType "swiss"]
[EventRounds "9"]
[EventCountry "ESP"]
[Source "lmi"]
[SourceDate "2007.05.06"]

1. c4 f5 2. Nc3 Nf6 3. g3 g6 4. Bg2 Bg7 5. Nf3 O-O 6. O-O d6 7. d3 e5 8. Bg5 h6
9. Bxf6 Bxf6 10. Nd2 Nc6 11. Rb1 Bg7 12. Nd5 f4 13. b4 g5 14. b5 Nd4 15. e3 Ne6
16. Bf3 Nc5 17. Ne4 Bh3 18. Nxc5 dxc5 19. Re1 Bf5 20. exf4 gxf4 21. Be4 Bxe4
22. Rxe4 c6 23. Nc3 Qg5 24. bxc6 bxc6 25. Qf3 Rf7 26. Ree1 fxg3 27. Qxg3 Qh5
28. Re3 Rf5 29. Qg2 Raf8 30. Ne4 R8f7 31. Rg3 Kh7 32. Kh1 Qe2 33. Rg1 Bh8 34.
Re3 1-0

[Event "España ch Universitario 2007"]
[Site "Cartagena ESP"]
[Date "2007.05.10"]
[Round "9.5"]
[White "Alcazar Jimenez, Jesus Alberto"]
[Black "Almagro Llamas, Pablo"]
[Result "1/2-1/2"]
[WhiteElo "2274"]
[BlackElo "2394"]
[PlyCount "77"]
[EventDate "2007.05.06"]
[EventType "swiss"]
[EventRounds "9"]
[EventCountry "ESP"]
[Source "lmi"]
[SourceDate "2007.05.06"]

1. e4 c6 2. c4 d5 3. exd5 cxd5 4. d4 Nf6 5. Nc3 Nc6 6. Nf3 Bg4 7. cxd5 Nxd5 8.
Bc4 e6 9. O-O Be7 10. h3 Bxf3 11. Qxf3 Nxd4 12. Qe4 Nxc3 13. bxc3 Nc6 14. Rb1
Qc8 15. f4 O-O 16. f5 Na5 17. Bd3 Qc6 18. fxe6 Qxe4 19. Bxe4 fxe6 20. Rb5 Rxf1+
21. Kxf1 Rf8+ 22. Ke2 b6 23. g4 Bc5 24. Bf3 Nc4 25. Rb3 Ne5 26. Be4 Rf2+ 27.
Ke1 Rxa2 28. Bf4 Nc4 29. Bd3 Na5 30. Rb1 Rf2 31. Bb8 Nc6 32. Bd6 Rf3 33. Bxc5
Rxd3 34. Bf2 Rxc3 35. h4 e5 36. Kd2 Rc4 37. g5 Kf7 38. h5 Ke6 39. g6 1/2-1/2

[Event "España ch Universitario 2007"]
[Site "Cartagena ESP"]
[Date "2007.05.10"]
[Round "9.6"]
[White "Lara Lopez, Jose"]
[Black "Andres Gonzalez, Ivan"]
[Result "1/2-1/2"]
[WhiteElo "2173"]
[BlackElo "2372"]
[PlyCount "54"]
[EventDate "2007.05.06"]
[EventType "swiss"]
[EventRounds "9"]
[EventCountry "ESP"]
[Source "lmi"]
[SourceDate "2007.05.06"]

1. e4 c5 2. Nc3 Nc6 3. f4 g6 4. Nf3 Bg7 5. Bc4 e6 6. O-O Nge7 7. d3 O-O 8. f5
d5 9. Bb3 c4 10. dxc4 dxe4 11. f6 Qxd1 12. Rxd1 Bxf6 13. Nxe4 Bg7 14. c3 e5 15.
c5 Na5 16. Ba4 Be6 17. Bg5 Nd5 18. Nd6 h6 19. Bd2 e4 20. Nxe4 Nc4 21. Bc1 Rfd8
22. Nd4 Bg4 23. Re1 Ne5 24. Bc2 Rac8 25. h3 Bd7 26. Nd6 Rc7 27. Bb3 Bc6 1/2-1/2

[Event "España ch Universitario 2007"]
[Site "Cartagena ESP"]
[Date "2007.05.10"]
[Round "9.7"]
[White "Pons Carreras, David"]
[Black "Jimenez Martinez, Jose Vicente"]
[Result "1-0"]
[WhiteElo "2240"]
[BlackElo "2202"]
[PlyCount "67"]
[EventDate "2007.05.06"]
[EventType "swiss"]
[EventRounds "9"]
[EventCountry "ESP"]
[Source "lmi"]
[SourceDate "2007.05.06"]

1. Nf3 g6 2. d4 Bg7 3. c4 d6 4. Nc3 Nf6 5. e4 O-O 6. Be2 e5 7. d5 a5 8. Bg5 Na6
9. Nd2 Bd7 10. g4 Qc8 11. f3 h6 12. Be3 Nh7 13. h4 f5 14. gxf5 gxf5 15. exf5
Bxf5 16. Nde4 Nf6 17. Qd2 Bxe4 18. Nxe4 Nxe4 19. fxe4 Nc5 20. Bxh6 Nxe4 21. Qe3
Qf5 22. Rg1 Rf7 23. Bg4 Qf2+ 24. Qxf2 Rxf2 25. Be6+ Kh7 26. Bxg7 a4 27. Rg4 Rf4
28. Rxf4 exf4 29. Bd4 Rf8 30. Ke2 f3+ 31. Kd3 Rf4 32. Bf5+ Rxf5 33. Kxe4 Rh5
34. Rh1 1-0

[Event "España ch Universitario 2007"]
[Site "Cartagena ESP"]
[Date "2007.05.10"]
[Round "9.8"]
[White "Garcia Castro, Pablo"]
[Black "Torrado Quintela, Julio"]
[Result "1-0"]
[WhiteElo "2379"]
[BlackElo "2184"]
[PlyCount "79"]
[EventDate "2007.05.06"]
[EventType "swiss"]
[EventRounds "9"]
[EventCountry "ESP"]
[Source "lmi"]
[SourceDate "2007.05.06"]

1. e4 c5 2. d3 Nc6 3. g3 g6 4. Bg2 Bg7 5. f4 d6 6. Nf3 e5 7. O-O Nge7 8. f5
gxf5 9. Nh4 f4 10. Qh5 Be6 11. Nf5 Bf6 12. Nc3 Qd7 13. Nh6 O-O-O 14. Nd5 Bg7
15. Nxf7 Ng6 16. Nxd8 Bg4 17. Qg5 Nxd8 18. h3 Be6 19. gxf4 exf4 20. Qh5 Bf7 21.
Qe2 Bxd5 22. exd5 Be5 23. Qg4 Qxg4 24. hxg4 Nf7 25. Be4 Ng5 26. Bf5+ Kc7 27. c3
Ne7 28. Be4 Nxe4 29. dxe4 Rg8 30. Kf2 Rxg4 31. Rh1 Rg7 32. Bd2 b5 33. Rag1 Ng6
34. Rh5 Rf7 35. Rgh1 Nf8 36. Rf5 Rxf5 37. exf5 Kd7 38. Kf3 b4 39. Bxf4 Bf6 40.
Bh6 1-0

[Event "España ch Universitario 2007"]
[Site "Cartagena ESP"]
[Date "2007.05.10"]
[Round "9.9"]
[White "Fernandez Barrera, Victor"]
[Black "Gonzalez Menendez, Ivan"]
[Result "0-1"]
[WhiteElo "2202"]
[BlackElo "2401"]
[PlyCount "76"]
[EventDate "2007.05.06"]
[EventType "swiss"]
[EventRounds "9"]
[EventCountry "ESP"]
[Source "lmi"]
[SourceDate "2007.05.06"]

1. e4 e6 2. d4 d5 3. Nc3 Bb4 4. Nge2 Nc6 5. a3 Ba5 6. b4 Bb6 7. e5 f6 8. exf6
Qxf6 9. Be3 Nge7 10. Qd2 O-O 11. O-O-O Bd7 12. Ng3 a5 13. b5 Na7 14. h4 c6 15.
Na4 Nac8 16. Nxb6 Nxb6 17. Qc3 Na4 18. Qb3 cxb5 19. Bxb5 Bxb5 20. Qxb5 Nc3 21.
Qd3 Nxd1 22. Kxd1 Nf5 23. Bg5 Qxd4 24. Qxd4 Nxd4 25. c3 Nb5 26. Ne2 Rac8 27.
Rh3 Rxf2 28. Rg3 Nxa3 29. Bf4 Rf1+ 30. Kd2 Nc4+ 31. Kd3 a4 32. Bh6 Rc7 33. Nf4
Rxf4 34. Bxf4 e5 35. Bc1 a3 36. Kc2 a2 37. Bb2 Rc5 38. Ba1 Rb5 0-1

[Event "España ch Universitario 2007"]
[Site "Cartagena ESP"]
[Date "2007.05.10"]
[Round "9.10"]
[White "Rosa Cintas, Raul"]
[Black "Peña Gomez, Manuel"]
[Result "0-1"]
[WhiteElo "2192"]
[BlackElo "2331"]
[PlyCount "86"]
[EventDate "2007.05.06"]
[EventType "swiss"]
[EventRounds "9"]
[EventCountry "ESP"]
[Source "lmi"]
[SourceDate "2007.05.06"]

1. d4 Nf6 2. Nf3 g6 3. g3 Bg7 4. Bg2 O-O 5. O-O d5 6. c4 dxc4 7. Na3 c3 8. bxc3
Nbd7 9. Qc2 c5 10. e4 cxd4 11. cxd4 Nb6 12. Bb2 Bd7 13. Ne5 Rc8 14. Qe2 Na4 15.
Rac1 Qb6 16. Ba1 Qb4 17. Nxd7 Nxd7 18. Qe3 Nab6 19. e5 Rb8 20. Rc7 Rfd8 21. Rb1
Qa4 22. e6 fxe6 23. Qxe6+ Kh8 24. Qb3 Qxb3 25. axb3 Nf8 26. Rxe7 Nd5 27. Bxd5
Rxd5 28. Nc4 Bf6 29. Rf7 Bg7 30. Ne3 Ra5 31. Bb2 Kg8 32. Re7 Bf6 33. Re4 Rb5
34. Ng4 Bg7 35. Ba3 Nd7 36. Bd6 Rc8 37. b4 a5 38. Rbe1 axb4 39. Re8+ Rxe8 40.
Rxe8+ Nf8 41. Ne5 b3 42. Bxf8 Bxf8 43. Nd7 b2 0-1

[Event "España ch Universitario 2007"]
[Site "Cartagena ESP"]
[Date "2007.05.10"]
[Round "9.11"]
[White "Martinez Lozano, Miguel Angel"]
[Black "Lopez Del Alamo, Antonio"]
[Result "1/2-1/2"]
[WhiteElo "2194"]
[BlackElo "2289"]
[PlyCount "98"]
[EventDate "2007.05.06"]
[EventType "swiss"]
[EventRounds "9"]
[EventCountry "ESP"]
[Source "lmi"]
[SourceDate "2007.05.06"]

1. e4 e6 2. d4 d5 3. Nc3 dxe4 4. Nxe4 Nf6 5. Nxf6+ gxf6 6. Nf3 b6 7. Bb5+ c6 8.
Bd3 Bb7 9. Bf4 Bd6 10. Bg3 Qc7 11. Qe2 Nd7 12. O-O-O O-O-O 13. Ba6 Rhg8 14.
Bxb7+ Kxb7 15. Rd3 Ka8 16. Rhd1 b5 17. Bxd6 Qxd6 18. g3 Qd5 19. Kb1 h5 20. Nh4
Nb6 21. f4 Qc4 22. Qxh5 Nd5 23. Qe2 b4 24. R3d2 Qxe2 25. Rxe2 c5 26. Nf3 c4 27.
Rde1 c3 28. b3 a5 29. a4 bxa3 30. Ka2 Rd7 31. f5 exf5 32. Kxa3 Rb8 33. Re8 Nb4
34. Rxb8+ Kxb8 35. Re2 Kb7 36. h4 Nc6 37. h5 Nxd4 38. Nxd4 Rxd4 39. h6 Rd1 40.
Ka2 Rh1 41. Rf2 Rxh6 42. Rxf5 Kb6 43. b4 axb4 44. Kb3 Rg6 45. Kxb4 Rg4+ 46. Kb3
Rxg3 47. Rxf6+ Kc5 48. Rxf7 Rh3 49. Rf5+ Kc6 1/2-1/2

[Event "España ch Universitario 2007"]
[Site "Cartagena ESP"]
[Date "2007.05.10"]
[Round "9.12"]
[White "Rabadan Velasco, Raul"]
[Black "Peñalosa Pinillas, Jesus"]
[Result "1-0"]
[WhiteElo "2281"]
[BlackElo "2201"]
[PlyCount "107"]
[EventDate "2007.05.06"]
[EventType "swiss"]
[EventRounds "9"]
[EventCountry "ESP"]
[Source "lmi"]
[SourceDate "2007.05.06"]

1. d4 Nf6 2. c4 c5 3. d5 e6 4. Nc3 exd5 5. cxd5 d6 6. Nf3 g6 7. g3 Bg7 8. Bg2
O-O 9. O-O Re8 10. h3 Na6 11. Nd2 Rb8 12. Nb5 Nc7 13. Nxc7 Qxc7 14. a4 a6 15.
a5 Bd7 16. Nc4 Bb5 17. Qc2 Nd7 18. Re1 f5 19. Ra2 Bxc4 20. Qxc4 Re7 21. Bd2
Rbe8 22. e3 Ne5 23. Qc2 Rb8 24. Rc1 b5 25. axb6 Qxb6 26. Rca1 Nf7 27. Bf1 Ra7
28. Bc3 Bxc3 29. Qxc3 a5 30. Qf6 Qc7 31. h4 Qe7 32. Qc3 Qe5 33. Be2 a4 34. Qd2
Rb4 35. Rc1 Rab7 36. Rc3 Kg7 37. Bd1 h6 38. Bxa4 g5 39. f4 Qe4 40. Bc2 Qf3 41.
e4 Qg4 42. Bd1 Qh3 43. Qg2 Qxg2+ 44. Kxg2 Rxb2+ 45. Rxb2 Rxb2+ 46. Rc2 Rxc2+
47. Bxc2 gxf4 48. gxf4 fxe4 49. Bxe4 Nd8 50. Kf3 Nb7 51. Kg4 Kf6 52. Kh5 Kg7
53. Kg4 Kf6 54. Kh5 1-0

[Event "España ch Universitario 2007"]
[Site "Cartagena ESP"]
[Date "2007.05.10"]
[Round "9.14"]
[White "Aymerich Rosell, Pablo"]
[Black "Eyo Castro-Rial, Alberto"]
[Result "1-0"]
[WhiteElo "2208"]
[BlackElo "2176"]
[PlyCount "83"]
[EventDate "2007.05.06"]
[EventType "swiss"]
[EventRounds "9"]
[EventCountry "ESP"]
[Source "lmi"]
[SourceDate "2007.05.06"]

1. d4 f5 2. c4 Nf6 3. g3 g6 4. Bg2 Bg7 5. Nf3 O-O 6. O-O d6 7. Nc3 Nc6 8. d5
Na5 9. Qd3 c5 10. b3 a6 11. Bb2 Rb8 12. Rae1 Ng4 13. Ba1 Bd7 14. Nd2 b5 15.
cxb5 axb5 16. Qb1 e5 17. dxe6 Bxe6 18. Nd5 c4 19. Bxg7 Kxg7 20. Qa1+ Kg8 21. e4
Bxd5 22. exd5 Qf6 23. Re6 Qxa1 24. Rxa1 Rfe8 25. b4 c3 26. bxa5 cxd2 27. Rd1
Ne5 28. Rxd2 Ra8 29. Rc2 Nc4 30. a4 Na3 31. Rce2 Red8 32. axb5 Nxb5 33. Ra2
Rdc8 34. h4 Rc1+ 35. Kh2 Nc3 36. Rb2 Rxa5 37. Rb8+ Kf7 38. Rb7+ Kf8 39. Rxd6
Re1 40. Rxh7 Re8 41. Rh8+ Kf7 42. Rd7+ 1-0

[Event "España ch Universitario 2007"]
[Site "Cartagena ESP"]
[Date "2007.05.10"]
[Round "9.22"]
[White "Gonzalez Diez, Ruben"]
[Black "Cortes Lizano, Jesus"]
[Result "0-1"]
[WhiteElo "2115"]
[BlackElo "2247"]
[PlyCount "74"]
[EventDate "2007.05.06"]
[EventType "swiss"]
[EventRounds "9"]
[EventCountry "ESP"]
[Source "lmi"]
[SourceDate "2007.05.06"]

1. f4 Nf6 2. Nf3 c5 3. e3 d6 4. Be2 g6 5. O-O Bg7 6. d3 O-O 7. Nc3 Nc6 8. Qe1
Rb8 9. Qh4 b5 10. Bd2 b4 11. Nd1 e5 12. fxe5 dxe5 13. e4 Nh5 14. Bg5 f6 15. Be3
Qd6 16. Qf2 Nd4 17. Nxd4 cxd4 18. Bd2 Be6 19. Bxh5 gxh5 20. b3 Rbc8 21. Rc1 Kh8
22. Nb2 f5 23. exf5 Rxf5 24. Qg3 Rxf1+ 25. Kxf1 Bd5 26. Nc4 Qe6 27. Re1 Rg8 28.
Re2 Bf6 29. Qe1 Qg4 30. Qf2 Qe6 31. Qe1 Qc6 32. g3 Bxc4 33. bxc4 Qh1+ 34. Kf2
Qxh2+ 35. Kf3 Qh3 36. Rg2 Qg4+ 37. Kf2 h4 0-1

[Event "España ch Universitario 2007"]
[Site "Cartagena ESP"]
[Date "2007.05.10"]
[Round "9.26"]
[White "Romon Poves, Raul"]
[Black "Ivanovich Balsinde, Nicholas"]
[Result "1/2-1/2"]
[WhiteElo "2216"]
[BlackElo "2151"]
[PlyCount "43"]
[EventDate "2007.05.06"]
[EventType "swiss"]
[EventRounds "9"]
[EventCountry "ESP"]
[Source "lmi"]
[SourceDate "2007.05.06"]

1. d4 Nf6 2. c4 Nc6 3. Nf3 e6 4. a3 g6 5. Nc3 d6 6. g3 Bg7 7. Bg2 O-O 8. O-O e5
9. dxe5 dxe5 10. Bg5 Be6 11. Qa4 h6 12. Rad1 Qe7 13. Bxf6 Bxf6 14. Nd2 Nd8 15.
Nde4 Bg7 16. Nd5 Bxd5 17. cxd5 f5 18. d6 cxd6 19. Nxd6 e4 20. Nc4 Nc6 21. Rd5
Rad8 22. Rfd1 1/2-1/2